Statistiques concernant Culture Générale - Série 798

Cliquez ici pour prendre le quiz!

Statistiques générales

  • Ce quiz a été pris 59 fois
  • Le résultat moyen est 8 sur 10

Statistiques - réponses

QuestionRéponse% Correct
Dans le roman de Bram Stocker, de quel liquide se nourrit le comte Dracula ?sang
100%
En peinture, une oeuvre représentant des objets, des végétaux et des êtres inanimés est appelée : "nature...morte
98%
Selon l'expression, quand on a l'esprit tranquille, on peut "dormir sur ses deux...oreilles
98%
Dans une célèbre série des années 1970, quel flic incarné par David Soul est indissociable de Starsky ?Hutch
93%
Comment appelle-t-on les narines d'un cheval ?naseaux
83%
A quel chanteur toulousain, Maurane rend-elle hommage sur son album de reprises, sorti en 2009 ?Claude Nougaro
83%
Quel synonyme d'oculiste désigne le médecin spécialiste de l'oeil ?ophtalmologiste
81%
Quel héros biblique Dalila a-t-elle séduit avant de le trahir ?Samson
76%
Sous quel nom est plus connu le footballeur brésilien : Edson Arantes Do Nascimento ?Pelé
72%
Quel est le nom de l'amant de l'héroïne de Léon Tolstoï, Anna Karenine ?Vronski
5%

Distribution des résultats

Percentile par nombre de réponses

% des personnes avec chaque résultat

Votre développement - résultats

Vous n’avez pas pris ce quiz